00298nam a2200097Ia 4500008004100000020001800041100002200059245005400081260004600135300001900181180219s9999 xx 000 0 und d a9789712368158 aPalma, Roberto Z. aBasic accounting 2: partnership and corporation / aRecto Avenue City :bREX book storec2015 aiii, 395 pages